000 00589nai a2200181Ia 4500
003 IN-BaIIA
008 211028c9999 xx s 000 0 eng d
022 _a0931-2048 (Print)
022 _a1439-0418 (Online)
040 _cIIA Library
245 0 _aJournal Of Applied Entomology
_h[eJournal]
260 _aNew Jersey
_bJohn Wiley & Sons
310 _a10/year
362 _a121(1); 1997 - Present
521 _bSubscribed through National Knowledge Resource Consortium (NKRC)
856 _uhttps://onlinelibrary.wiley.com/journal/14390418
_yClick Here to Access eJournal
942 _cEJ
999 _c34959
_d34959